000 00863nam0a22002651 4500
001 v19\rc\1719428
005 20250619040357.0
035 _a(NLR Aleph) 004817454
090 _a4986357
_c4986357
100 _a20061002d1900 |||y0rusy50 ca
101 0 _arus
102 _aRU
105 _aa z |||||
200 1 _aКраткие сведения по травосеянию
_fСост. С. Соколов
_gСеменное депо С. Соколова
210 _aХарьков
_cтип. Зильберберг
_d1900
215 _a48 с., 1 л. табл.
_cил.
_d18
700 1 _aСоколов
_bС.С.
_gСергей Сергеевич
_4220
801 0 _aRU
_bNLR
_gpsbo
801 0 _aRU
_bRuMoRGB
_2psbo
801 1 _aRU
_bProSoft-M
_2rusmarc
852 _aNLR
_j20.59.5.181
899 _aRuMoRGB
_jA 261/378
899 _aБАН
942 _cBOOK
980 _aNB